Pád magnáta bývalí priatelia Pavla Ruska sa od svojho mecenáša dištancujú a nešetria kritikou

Podrobná bibliografia
Hlavný autor: Šelestiaková, Katarína (Autor)
Médium: Článok
Jazyk:slovenčina
PhysicalDescription:Obr.
ISSN:1210-2040
Predmet:

MARC

LEADER 00000nab a2200000 a 4500
001 vtls008408865
003 SK-MaSNL
005 20260303070112.0
008 160322 2005 xo r r 000 0 slo
015 |a SNBRB2005/11 
038 |a KEVKJB 
040 |a KEVKJB  |b slo  |c KEVKJB  |e AACR2 
041 0 |a slo 
044 |a xo  |c SK 
080 |a 32-051  |2 UDC-MRF-SK2 
080 |a 929 Rusko, Pavol  |2 UDC-MRF-SK2 
100 1 |a Šelestiaková, Katarína  |4 aut  |9 839103 
245 1 0 |a Pád magnáta  |b bývalí priatelia Pavla Ruska sa od svojho mecenáša dištancujú a nešetria kritikou  |c Katarína Šelestiaková 
300 |b Obr. 
600 1 7 |a Rusko, Pavol,  |d 1963-  |2 kevkjb  |9 122082 
773 0 |t Plus 7 dní  |g Roč. XV, č. 46 (2005), s. 12-15  |x 1210-2040 
852 |a KEVKJB  |b KIS3GCP 
958 |a BX 
999 |c 1753972  |d 1755902